| 000 | 00660nam a2200217 u 4500 | ||
|---|---|---|---|
| 005 | 20240228063731.0 | ||
| 008 | 180419s2004 eu r 000 0 spa d | ||
| 020 | _a0153484268 | ||
| 035 | _aUPN01000224291 | ||
| 049 | _aI | ||
| 050 | 4 |
_aQP37 _bK3.5 |
|
| 100 | 1 |
_aKahkonen, Sharon _933632 |
|
| 245 | 1 | 3 |
_aEl manual del cuerpo humano / _cSharon Kahkonen. |
| 260 |
_aFlorida, E.U.A. : _bHarcourt, _c[201-?]. |
||
| 300 |
_a16 p. : _bil. col. |
||
| 650 | 4 |
_aCuerpo humano _vLiteratura infantil _912325 |
|
| 650 | 4 |
_aANATOMIA HUMANA - _vLITERATURA INFANTIL _9577 |
|
| 650 | 7 |
_aLibros ilustrados para niƱos _2 _921365 |
|
| 905 | _aInfantil | ||
| 999 |
_c196388 _d196388 |
||